Üdvözlet Nagy-Rőczéről! fürdő

Zobrazenie: pohľad na mestské kúpele v Revúcej, sprava budova s vyrezávaným priečelím a popínavými rastlinami na terase

Bibliographic Details
Format: Postcard
Language:Hungarian
PhysicalDescription:1 pohľadnica kolorovaná 9 x 14 cm
Published: Nagy-Rőcze Büchler Béla [1905?]
Subjects:

MARC

LEADER 00000nkm a2200000 a 4500
001 vtls011710945
003 SK-MaSNL
005 20260512125231.0
007 kp co
008 231206q1905 xo g 00 kuhun
015 |a SNBG1905 
035 |a urn:nbn:sk:snk-km00dw5s 
035 |a urn:nbn:sk:snk-km3lrwb 
035 |a 1E90009F-7025-4026-B348-92626537CB24 
040 |a SNK  |b slo  |c SNK  |e AACR2 
041 0 |a hun 
043 |a e-xo--- 
044 |a xo  |c SK 
072 7 |a 913  |x Regionálna geografia  |2 konspekt 
080 |a 913(437.6)  |2 2011 
080 |a 711.455:615.838  |2 2011 
080 |a (084.121)  |2 2011 
245 0 0 |a Üdvözlet Nagy-Rőczéről!  |h grafika  |b fürdő 
260 |a Nagy-Rőcze  |b Büchler Béla  |c [1905?] 
300 |a 1 pohľadnica  |b kolorovaná  |c 9 x 14 cm 
520 8 |a Zobrazenie: pohľad na mestské kúpele v Revúcej, sprava budova s vyrezávaným priečelím a popínavými rastlinami na terase 
650 0 7 |a kúpele  |2 SNKPH  |9 1139 
651 7 |a Revúca (Slovensko)  |2 SNKPH  |9 31503 
655 7 |a miestne pohľadnice  |2 SNKPH  |9 70510 
655 7 |a historické pohľadnice  |2 SNKPH  |9 159703 
752 |a Slovensko  |d Revúca 
852 |a Slovenská národná knižnica 
958 |a GC 
958 |a GBN 
958 |a ONDV 
999 |c 1024704  |d 1026634 
952 |a SNK  |b SNK  |y PREZ  |7 0  |p 17A1220479  |o snkSP 27376  |z Pohľadnica prešla poštou.  |0 0  |1 0  |4 0  |d 2017-09-14  |f 1  |l 0  |r 2026-02-24 13:35:27  |w 2026-02-24